书目信息 |
| 题名: |
非公有制经济党的建设培训教程
|
|
| 作者: | 李俊伟 , 胡林辉,陈志谦 编著 | |
| 分册: | ||
| 出版信息: | 北京 新华出版社 2006.07 |
|
| 页数: | 278页 | |
| 开本: | 21cm | |
| 丛书名: | 基层党的建设培训教程丛书 | |
| 单 册: | ||
| 中图分类: | D267.1 | |
| 科图分类: | ||
| 主题词: | 中国共产党 | |
| 电子资源: | ||
| ISBN: | 7-5011-7549-7 | |
| 000 | 01013 nam 000277 | |
| 001 | 0100009621 | |
| 005 | 20100803150029.59 | |
| 010 | @a7-5011-7549-7@dCNY18.00 | |
| 100 | @a20100729d1997 em y0chiy0121 ea | |
| 101 | @achi | |
| 102 | @aCN@b110000 | |
| 105 | @ay z 000yy | |
| 200 | 10 | @a非公有制经济党的建设培训教程@Afei gong you zhi jing ji dang de jian she pei xun jiao cheng@f李俊伟,胡林辉,陈志谦编著@Fli jun wei hu lin hui chen zhi qian bian zhu |
| 210 | @a北京@c新华出版社@d2006.07 | |
| 215 | @a278页@d21cm | |
| 225 | @a基层党的建设培训教程丛书 | |
| 330 | @a本书共九章,内容包括:非公有制经济发展的态势与政策分析、非公有制经济组织党的建设的理论依据和现实基础等。 | |
| 410 | 0 | @12001 @a基层党的建设培训教程丛书 |
| 540 | @a非公有制经济党的建设培训教程 | |
| 606 | @a中国共产党 | |
| 690 | @aD267.1@v4 | |
| 701 | 0 | @a李俊伟@Ali jun wei@4编著 |
| 701 | 1 | @a胡林辉,陈志谦@Ahu lin hui , chen zhi qian@4编著 |
| 801 | @aCN@bDYGS@c20100803 | |
| 901 | @a210902 | |
| 905 | @b969663-5@dD267.1@eL180@f3 | |
| 非公有制经济党的建设培训教程/李俊伟,胡林辉,陈志谦编著.-北京:新华出版社,2006.07 |
| 278页;21cm.-(基层党的建设培训教程丛书) |
| ISBN 7-5011-7549-7:CNY18.00 |
| 本书共九章,内容包括:非公有制经济发展的态势与政策分析、非公有制经济组织党的建设的理论依据和现实基础等。 |
| ● |
| 相关链接 |
|
|
|
正题名:非公有制经济党的建设培训教程
索取号:D267.1/L180
 
预约/预借
| 序号 | 登录号 | 条形码 | 馆藏地/架位号 | 状态 | 备注 |
| 1 | 969663 | 209696630 | 社科库509/422社科库 42排3列2层/ [索取号:D267.1/L180] | 在馆 | |
| 2 | 969664 | 209696649 | 社科库509/422社科库 42排3列2层/ [索取号:D267.1/L180] | 在馆 | |
| 3 | 969665 | 209696658 | 社科库509/422社科库 42排3列2层/ [索取号:D267.1/L180] | 在馆 |